Quizzes
Events
Quiz Creation
Community
Videos
Private Events
Remove Ads
Sign In
Join for FREE
Feedback
Dark Mode
Quiz Categories
Sports
Geography
Music
Movies
Television
Just For Fun
Miscellaneous
History
Literature
Language
Science
Gaming
Entertainment
Religion
Holiday
For Kids
Quiz Lab
Recent
Popular Today
Quiz Kudos Today
Editor Picks
Curator Picks
Quizzes by...
Day
Popularity
Type
Ratings
Length
Year
Community
Subscriptions
Recent Discussions
Orange Saloon
Badges
Playlists
Quests
Create
Leaderboards
Showdown
Live 5
Trivia Bingo
Activity
Puzzle Library
Sporcle Events
Private Events
Virtual Trivia
Globe League
Become a Host
Pub Owners
SporcleCon
Opinionation
Our Games
Videos
Blog
Mobile Apps
Partnerships
Remove Ads and Go Orange
Feedback
Geography
Country
Landmarks
City
State
Population
World
Capital
Continent
Flags
Europe
Africa
Asia
South America
North America
Oceania
Border
Canada
United Kingdom
Topography
United States
Geography
Country
Landmarks
City
State
Population
World
Capital
Continent
Flags
Europe
Africa
Asia
South America
North America
Oceania
Border
Canada
United Kingdom
Topography
United States
Random Quiz
Search Sporcle
×
Editor Pick
Editor Pick
Geography
Country
Type in answers that appear in a list
Type in answers that appear in a list
Classic
Best Score? Go Orange.
Longest Capital Cities of the World Stats
Can you name the Longest Capital Cities of the World?
By
Colchester91
5m
18 Questions
4,271 Plays
4,271 Plays
4,271 Plays
Comments
Comments
Give Quiz Kudos
Give Quiz Kudos
-
- Ratings
hide this ad
More Info
Replay
Link that replays current quiz
Next Quiz
Link to next quiz in quiz playlist
You Got
0%
They Got
Avg Score
50%
Avg Friend Score
Upgrade to see
Score Distribution
Jump to the score distribution portion of the page
Score
0/18
Timer
05:00
0
Plays Today
Continent (Number of Letters)
Capital City
% Correct
North America (13)
Guatemala City
70.5%
South America (11)
Buenos Aires
66.9%
Asia (17)
Bandar Seri Begawan
62.9%
North America (12)
Port-au-Prince
59.2%
North America (11)
Tegucigalpa
55.5%
Europe (14)
Andorra La Vella
54.2%
North America (12)
Santo Domingo
52.6%
Africa (12)
Antananarivo
52.1%
North America (11)
Port of Spain
50.4%
Continent (Number of Letters)
Capital City
% Correct
Asia (11)
Ulaanbaatar
48.5%
Oceania (11)
Port Moresby
48%
North America (11)
San Salvador
47.7%
Africa (11)
Ouagadougou
46.9%
Europe (11)
Vatican City
45.8%
Asia (11)
Kuala Lumpur
42.4%
Asia (23)
Sri Jayawardenepura-kotte
37.2%
Africa (12)
Yamoussoukro
35.7%
Africa (11)
Brazzaville
33.8%
Quiz Playlist
Details
Report
Send in Message
Add To Playlist
More Info:
The longest administrative capital cities of countries in the world (11 letters or more) using their common English names.
Classic:
Type in answers that appear in a list
Quiz Source
Last Updated: May 12, 2017
Editor Pick in
Geography
Quiz Scoreboard
CHALLENGE
Sign Up to Join the Scoreboard
Show All
Scores
Hide
Comments
May contain spoilers
Recently Published
Decade Duel: World Leaders
by jenniferyan
History
4m
Alphabetical 'K' Countries by Flag Minefield
by ylime102
Geography
3m
Pick 6: Fruits
by JohnFran
Miscellaneous
15s
More to Explore
Quiz From the Vault
Featured Blog Post
15 Basketball Trivia Facts You Can Be March Mad About
hide this ad
You Might Also Like...
Tags
Capital Quiz
Country Quiz
long
longest
Longest Names
Today's Top Quizzes in Geography
Browse Geography
hide this ad
Today's Top Quizzes in Country
Browse Country
Top Contributed Quizzes in Geography
1
Countries of the World - No Outlines Minefield
2
Pick 6: Mountains
3
Least Populated Answer: 'G' Countries
4
Alphabetical 'L' Countries By Flag Minefield
5
Lietuvos savivaldybės (Lithuanian Municipalities)
6
Alphabetical 'M' Countries By Flag Minefield
7
Pick 6: National Parks
8
Pick 6: US States
9
Blind Ultimate Minefield: Europe
10
'A' Countries In Alphabetical Order by Flag
Explore More
Trending Topics
Marvel
Anime
NBA
Harry Potter
Kpop
Disney
Crossword
Country
Soccer
Pokémon
NFL
Puzzle
The Office
WWE
Song
hide this ad
More By:
Colchester91
Quiz
Plays
Rating
Category
Featured
Created
Controversial Leaders
85,147
4.53
History
Jun 21, 2012
Countries by Monarch
26,058
4.44
History
Oct 4, 2012
Longest Capital Cities of the World
4,271
4.35
Geography
Nov 28, 2011
Which Century?: Scientists
1,810
4.69
Science
Mar 28, 2017
Morrowind Trivia
724
4.25
Gaming
Jun 17, 2010
Go to Creator's Profile
Score Distribution
Quiz Creator Spotlight
Colchester91
Follow
Send a Message
Quizzes Created
-
Created Quiz Play Count
-
More By This Creator
Popular Quizzes Today
1
Countries of Asia Without Outlines Minefield
2
Find the US States - No Outlines Minefield
3
Pick 6: Fruits
4
Alphabetical 'K' Countries by Flag Minefield
5
The Countries of the World
6
Find the Countries of Europe - No Outlines Minefield
7
Find the US States
8
US States
More Geography Quizzes
Five Most Populous Asian 'P' Cities
Quiz Lab
Trending Quizzes
Pick 6: Mountains
Pick 6: Harry Potter
Pick 6: Flags
Pick 6: NFL Teams
Pick 6: Movie Franchises
Recently Updated
Adaptations: Name the Title
pecheneg
NWSL Teams
pecheneg
Women's Final Four Teams by Year
bhenderson79
Presidents Quartet II
eogle
Anything But Clue(do)
eogle
Anything But Oceanian Capitals
eogle
Anything But 7
eogle
Anything But Thing
eogle
Word Ladder: February 29
pecheneg
Song Title Questions
pecheneg
Trending Topics
NBA
Anime
Disney
Crossword
Harry Potter
Kpop
Marvel
NFL
Country
The Office
Pokémon
WWE
Song
Puzzle
Soccer
Your Account Isn't Verified!
In order to create a playlist on Sporcle, you need to verify the email address you used during registration. Go to your
Sporcle Settings
to finish the process.
Report this User
Report this user for behavior that violates our
Community Guidelines
.
Details:
Send Report
Go to the Sporcle.com Mobile Site →
Comments